000 00869mam a2200277 4500
001 21274
003 BD-RjUL
005 20211209000652.0
008 140304r19521912enk 000 0 eng d
035 _a(OCoLC)ocm01106860
035 _a(BD-RjUL)21338
035 _a(NNC)2111142
040 _aOUN
_cOUN
_beng
_dBD-RjUL
041 _aeng
082 _a824
_bBOO 1952
245 1 2 _aA book of English essays (1600-1900) /
_cselected by Stanley V. Makower and Basil H. Blackwell.
260 _aLondon ;
_aNew York :
_bOxford university press
_c1912 [reprinted 1952]
300 _axii, 440 p. :
_c15 cm.
490 1 _aThe World's classics,
650 0 _aEnglish essays.
_965773
830 0 _v172.
_965780
700 1 _aBlackwell, Basil,
_cSir,
_d1889-1984,
_eeditor.
_965775
830 0 _aWorld's classics ;
_965781
942 _2ddc
_cBK
999 _c21274
_d21274